[Event "Challenge"]
[Site "http://www.queenalice.com/game.php?id=1009040"]
[Date "2011.11.16"]
[Round "-"]
[White "Narciso"]
[Black "artemise"]
[Result "0-1"]
[WhiteElo "1381"]
[BlackElo "1573"]

1. d4 d5 2. h4 Nc6 3. e3 Nf6 4. Bd3 e5 5. Bb5 Bd7 6. Nf3 e4 7. Nfd2 Bd6 8. Qe2
Bg4 9. Qf1 O-O 10. Be2 Nb4 11. Na3 a6 12. Bd1 Bxd1 13. Kxd1 Qd7 14. c3 Nd3 15.
Nb3 Ng4 16. Ke2 Ngxf2 17. Rh2 Bxh2 18. Bd2 Qg4# 0-1

[Event "Challenge"]
[Site "http://www.queenalice.com/game.php?id=1040556"]
[Date "2012.3.19"]
[Round "-"]
[White "artemise"]
[Black "AMDias"]
[Result "1-0"]
[WhiteElo "1740"]
[BlackElo "1504"]

1. e4 e5 2. Nf3 Qe7 3. Bc4 Nf6 4. d3 d6 5. Ng5 Be6 6. Bxe6 fxe6 7. Nc3 h6 8. Nf3
Nc6 9. O-O Nd4 10. Be3 d5 11. Nxe5 Rh7 12. Bxd4 dxe4 13. Nxe4 h5 14. Qf3 b6 15.
Nxf6+ gxf6 16. Qxa8+ Qd8 17. Qxd8+ Kxd8 18. Ng6 e5 19. Nxf8 Rh8 20. Ng6 Rg8 21.
Nxe5 fxe5 22. Bxe5 h4 23. Bf6+ Kc8 24. Bxh4 1-0

[Event "AUTO-INT-2281"]
[Site "http://www.queenalice.com/game.php?id=1042746"]
[Date "2012.3.25"]
[Round "1"]
[White "kpfingaz"]
[Black "artemise"]
[Result "0-1"]
[WhiteElo "1638"]
[BlackElo "1598"]

1. e4 e5 2. Bc4 Nf6 3. Qf3 c6 4. Nc3 Bb4 5. Qg3 O-O 6. Nb1 d5 7. exd5 cxd5 8.
Bb3 Nc6 9. c3 Bc5 10. d4 exd4 11. Bh6 Ng4 12. Bd2 dxc3 13. Nxc3 Bxf2+ 14. Qxf2
Nxf2 15. Kxf2 Qf6+ 16. Nf3 d4 17. Ne4 Qe7 18. Bc2 Bf5 19. Bg5 f6 20. Nxf6+ gxf6
21. Bh6 Bxc2 22. Bxf8 Rxf8 23. Rhe1 Qc5 24. Kf1 Ne5 25. Nd2 Qb5+ 26. Kg1 Qxb2
27. Ne4 Bxe4 28. Rxe4 Qxa1+ 29. Kf2 Qxa2+ 30. Re2 Qe6 31. Ke1 Re8 32. h3 Nd3+
0-1

[Event "AUTO-INT-2281"]
[Site "http://www.queenalice.com/game.php?id=1042747"]
[Date "2012.3.25"]
[Round "1"]
[White "artemise"]
[Black "kpfingaz"]
[Result "1-0"]
[WhiteElo "1658"]
[BlackElo "1614"]

1. e4 e5 2. Nf3 Qf6 3. Bc4 Qc6 4. d3 Bd6 5. Ng5 Nh6 6. Qh5 O-O 7. Nf3 Qb6 8. O-O
Be7 9. Nxe5 Bf6 10. Nc3 Bxe5 11. Qxe5 d6 12. Qg3 Ng4 13. h3 Ne5 14. Nd5 Qa5 15.
b4 Qa4 16. Bh6 Ng6 17. Nxc7 Qxb4 18. Bf4 Nxf4 19. Qxf4 d5 20. exd5 b6 21. Nxa8
Bd7 22. Qc7 b5 23. Bb3 a6 24. Nb6 Bf5 25. Rae1 Qh4 26. Qg3 Qh5 27. d6 Bg6 28.
Re5 Qh6 29. Qg5 Kh8 30. Qxh6 gxh6 31. Rfe1 f6 32. Re7 a5 33. g4 h5 34. d4 a4 35.
Bd5 hxg4 36. Be4 Rg8 37. Bxg6 Rxg6 38. Re8+ Kg7 39. Rxb8 f5 40. Kh2 Rh6 41. Re7+
Kf6 42. Rf8+ Kg5 43. Ref7 Rxh3+ 44. Kg2 a3 45. Rxf5+ Kg6 46. Rxb5 h5 47. d7 Rc3
48. d8=Q Rxc2 49. Qf6+ Kh7 50. Rxh5# 1-0

[Event "AUTO-INT-2281"]
[Site "http://www.queenalice.com/game.php?id=1042758"]
[Date "2012.3.25"]
[Round "1"]
[White "jonas777"]
[Black "artemise"]
[Result "0-1"]
[WhiteElo "1600"]
[BlackElo "1672"]

1. d4 d5 2. a3 b6 3. h3 c5 4. e3 Nf6 5. Bb5+ Bd7 6. Be2 e6 7. Bf3 Bd6 8. Ne2 Nc6
9. b3 O-O 10. Bb2 Qe7 11. c3 e5 12. g3 Bf5 13. Nd2 e4 14. Bg2 cxd4 15. cxd4 a5
16. g4 Bd7 17. Qc1 Rac8 18. Qd1 Na7 19. O-O Bb5 20. Re1 Qc7 21. Rc1 Nc6 22. Nf4
Bxf4 23. exf4 Qxf4 24. a4 Ba6 25. f3 e3 26. Nf1 Nb4 27. Nxe3 Nd3 28. Rxc8 Rxc8
29. Re2 Nxb2 30. Rxb2 Qxe3+ 31. Kh1 Rc1 32. Rb1 Rxd1+ 33. Rxd1 Qxb3 34. Ra1 Be2
35. g5 Qc3 36. gxf6 Qxa1+ 37. Kh2 Qb2 38. Kg3 Qxd4 39. h4 Qxf6 40. Kf2 Bd1 41.
Kg3 Bxa4 42. f4 d4 43. Be4 Bb5 44. Bf3 d3 45. Bd1 d2 46. Kg4 Qa1 47. Be2 Bxe2+
48. Kf5 Qf6+ 49. Ke4 d1=Q 50. h5 Qd3# 0-1

[Event "AUTO-INT-2281"]
[Site "http://www.queenalice.com/game.php?id=1042759"]
[Date "2012.3.25"]
[Round "1"]
[White "artemise"]
[Black "jonas777"]
[Result "1-0"]
[WhiteElo "1581"]
[BlackElo "1611"]

1. e4 e5 2. Nf3 d6 3. Bb5+ c6 4. Ba4 h6 5. O-O Bg4 6. d3 a6 7. a3 Qf6 8. Nbd2
Bd7 9. b4 Bg4 10. Bb2 Qe7 11. c4 g6 12. Qc2 Bg7 13. Rfe1 Bxf3 14. Nxf3 Qe6 15.
d4 Ne7 16. dxe5 dxe5 17. Bb3 O-O 18. Rad1 Qc8 19. Nxe5 Bxe5 20. Bxe5 Nd7 21. Bd6
Re8 22. c5 Kh7 23. Bxf7 Rf8 24. Qb3 Qd8 25. Qe6 Kg7 26. Bxe7 Nxc5 27. Qxg6+ Kh8
28. Qxh6# 1-0

[Event "AUTO-INT-2281"]
[Site "http://www.queenalice.com/game.php?id=1042766"]
[Date "2012.3.25"]
[Round "1"]
[White "artemise"]
[Black "markim04"]
[Result "1-0"]
[WhiteElo "1616"]
[BlackElo "1741"]

1. Nf3 d5 2. g3 g6 3. Bg2 Bg7 4. O-O Nf6 5. d3 O-O 6. b3 Ne4 7. d4 c5 8. c3 cxd4
9. cxd4 Qb6 10. Bb2 Nc6 11. e3 Bg4 12. Qc2 Rac8 13. Nc3 Nb4 14. Nxd5 Rxc2 15.
Nxb6 Rxb2 16. Nc4 Rc2 17. Nce5 Bxe5 18. Nxe5 Nf6 19. Nxg4 Nxg4 20. a3 Nc6 21. h3
Nf6 22. Rfc1 Rxc1+ 23. Rxc1 Kg7 24. b4 a6 25. d5 Ne5 26. Rc7 Ne8 27. Rxe7 Nc4
28. a4 b5 29. a5 Ned6 30. Ra7 Nb2 31. Rxa6 Nd3 32. Rxd6 Nxb4 33. Rb6 Rc8 34.
Rxb5 Nd3 35. a6 Rc1+ 36. Kh2 Nxf2 37. d6 Rd1 38. a7 1-0

[Event "AUTO-INT-2281"]
[Site "http://www.queenalice.com/game.php?id=1042767"]
[Date "2012.3.25"]
[Round "1"]
[White "markim04"]
[Black "artemise"]
[Result "0-1"]
[WhiteElo "1753"]
[BlackElo "1637"]

1. d4 d5 2. c4 e6 3. Nc3 Nf6 4. Nf3 Bb4 5. Qc2 O-O 6. a3 Be7 7. e4 c6 8. cxd5
cxd5 9. e5 Nfd7 10. Bb5 a6 11. Bd3 g6 12. O-O b5 13. Bh6 Re8 14. Rac1 Bb7 15.
Ne2 Nc6 16. Nf4 Qb6 17. b4 Nxd4 18. Qc7 Nxf3+ 19. gxf3 Rad8 20. Rc2 Qxc7 21.
Rxc7 Ba8 22. Rfc1 Nxe5 23. Ra7 g5 24. Nxe6 fxe6 25. Bb1 Nxf3+ 26. Kg2 d4 27. Kh3
Rd6 28. Rcc7 e5 29. Rxe7 Rxe7 30. Rxe7 Rxh6+ 31. Kg3 Nd2 32. Ba2+ Kf8 33. Ra7
Bc6 34. Rxa6 Nf1+ 35. Kg4 Bd7+ 36. Kxg5 Rxa6 37. a4 Rxa4 38. Bd5 d3 0-1

[Event "Challenge"]
[Site "http://www.queenalice.com/game.php?id=1060641"]
[Date "2012.5.17"]
[Round "-"]
[White "artemise"]
[Black "rvdornel"]
[Result "1-0"]
[WhiteElo "1707"]
[BlackElo "1836"]

1. e4 e5 2. Nf3 Nc6 3. d4 exd4 4. Nxd4 Nxd4 5. Qxd4 d6 6. Bc4 Qf6 7. Qe3 g6 8.
Nc3 Bh6 9. Qd3 Be6 10. Nd5 Bxd5 11. Qxd5 c6 12. Qd1 O-O-O 13. O-O Bxc1 14. Qxc1
Ne7 15. c3 g5 16. Qe3 Kb8 17. f4 Qg6 18. Rad1 d5 19. exd5 Nxd5 20. Qe5+ Ka8 21.
Bxd5 cxd5 22. Rxd5 f6 23. Qd4 Rxd5 24. Qxd5 gxf4 25. Rxf4 Qb1+ 26. Rf1 Qxb2 27.
Rxf6 Qc1+ 28. Rf1 Qxc3 29. h3 Qg3 30. Rf7 Qb8 31. Qf5 Rd8 32. Qxh7 Rd1+ 33. Rf1
Rxf1+ 34. Kxf1 Qf4+ 35. Kg1 a6 36. Qd3 Qc1+ 37. Qf1 Qb2 38. Qf8+ 1-0

[Event "Challenge"]
[Site "http://www.queenalice.com/game.php?id=1060642"]
[Date "2012.5.17"]
[Round "-"]
[White "rvdornel"]
[Black "artemise"]
[Result "1/2-1/2"]
[WhiteElo "1842"]
[BlackElo "1701"]

1. e4 e5 2. Nf3 Nc6 3. Bb5 a6 4. Bxc6 dxc6 5. d4 exd4 6. Qxd4 Qxd4 7. Nxd4 Bc5
8. Be3 Nf6 9. Nc3 O-O 10. Nf5 Bd6 11. Nxd6 cxd6 12. O-O-O d5 13. exd5 Nxd5 14.
Nxd5 cxd5 15. Rxd5 Be6 16. Ra5 Rad8 17. Kb1 Bd5 18. f3 Rfe8 19. Bc1 Bc6 20. Rg5
Re2 21. c3 f6 22. Rg3 f5 23. Rg1 g6 24. h4 Be8 25. f4 Kg7 26. h5 Bc6 27. hxg6
hxg6 28. b3 b5 29. Re3 Be4+ 30. Ka1 Rxg2 31. Rxg2 Bxg2 32. Kb2 Be4 33. b4 Kf6
1/2-1/2

[Event "OS INCLIVEIS"]
[Site "http://www.queenalice.com/game.php?id=1061813"]
[Date "2012.5.20"]
[Round "-"]
[White "adelio"]
[Black "artemise"]
[Result "0-1"]
[WhiteElo "1677"]
[BlackElo "1685"]

1. d4 d5 2. c4 dxc4 3. e4 e5 4. d5 Nf6 5. f3 b5 6. a3 Bb7 7. b3 a6 8. bxc4 c6 9.
Ra2 bxc4 10. Bxc4 cxd5 11. Bb3 Bc5 12. Nh3 Bd4 13. Ng5 h6 14. Nxf7 Kxf7 15. h4
Nbd7 16. g4 Qb6 17. Rhh2 Nc5 18. Bc2 dxe4 19. h5 exf3 20. Bg6+ Ke7 21. g5 Ng4
22. gxh6 gxh6 23. Qc2 f2+ 24. Rxf2 Bxf2+ 25. Kf1 Qb5+ 26. Qe2 Qxe2+ 27. Rxe2 Bd4
28. Bf5 Raf8 29. Ke1 Rxf5 30. Nd2 Nd3+ 31. Kd1 Rc8 32. Nb3 Rf1+ 33. Kd2 Nxc1 34.
Nxc1 Rfxc1 35. Kd3 R1c3+ 36. Kd2 Nf2 37. a4 Rc2+ 38. Ke1 Rc1+ 39. Kd2 R8c2# 0-1

[Event "AUTO-INT-2281"]
[Site "http://www.queenalice.com/game.php?id=1076003"]
[Date "2012.6.25"]
[Round "2"]
[White "Kuroi"]
[Black "artemise"]
[Result "1-0"]
[WhiteElo "1460"]
[BlackElo "1691"]

1. e4 e5 2. Nf3 Nc6 3. Nc3 Nf6 4. d3 Be7 5. g3 O-O 6. Bg2 d5 7. O-O d4 8. Ne2 h6
9. b3 Be6 10. Bb2 Qd7 11. a4 1-0

[Event "AUTO-INT-2281"]
[Site "http://www.queenalice.com/game.php?id=1076004"]
[Date "2012.6.25"]
[Round "2"]
[White "artemise"]
[Black "Kuroi"]
[Result "0-1"]
[WhiteElo "1666"]
[BlackElo "1485"]

1. e4 e5 2. Nf3 Nc6 3. Bc4 Qf6 4. O-O d6 5. Nc3 b6 6. h3 Bb7 7. d3 O-O-O 8. Nd5
Qg6 9. Re1 a6 10. a3 b5 11. Ba2 Nf6 0-1

[Event "AUTO-INT-2281"]
[Site "http://www.queenalice.com/game.php?id=1076005"]
[Date "2012.6.25"]
[Round "2"]
[White "NickThorp"]
[Black "artemise"]
[Result "0-1"]
[WhiteElo "1624"]
[BlackElo "1728"]

1. e4 e5 2. Nf3 Nc6 3. Bb5 a6 4. Ba4 Nf6 5. Bxc6 dxc6 6. O-O Bg4 7. h3 Bh5 8. d3
Be7 9. Bg5 O-O 10. Nc3 h6 11. Be3 Qd6 12. g4 Bg6 13. g5 hxg5 14. Bxg5 Nh5 15.
Bxe7 Qxe7 16. Kh2 Qd7 17. Nh4 Nf4 18. Nxg6 Qxh3+ 0-1

[Event "AUTO-INT-2281"]
[Site "http://www.queenalice.com/game.php?id=1076006"]
[Date "2012.6.25"]
[Round "2"]
[White "artemise"]
[Black "NickThorp"]
[Result "0-1"]
[WhiteElo "1643"]
[BlackElo "1566"]

1. e4 e5 2. Nf3 Nc6 3. Bc4 d6 4. c3 Nf6 5. Ng5 Be6 6. Bxe6 fxe6 7. Nxe6 Qe7 8.
Nxf8 Qxf8 9. d3 O-O-O 10. Be3 d5 11. Nd2 d4 12. cxd4 exd4 13. Bf4 Qb4 14. b3 Qc3
15. Qb1 Ng4 16. O-O Rhf8 17. g3 h6 18. Nc4 Nb4 19. Bd2 Qc2 20. Qxc2 Nxc2 21.
Rac1 Nce3 22. fxe3 Rfe8 23. exd4 Rxd4 24. Bc3 Rxd3 25. Rf4 Nf6 26. Bxf6 gxf6 27.
Rxf6 b5 28. Na3 b4 29. Nb5 a6 30. Nd6+ Rxd6 31. Rxd6 Kb7 32. Rxh6 Rxe4 33. Rc2
a5 34. Rhc6 Re1+ 35. Kg2 Ra1 36. Rxc7+ Ka6 0-1

[Event "Challenge"]
[Site "http://www.queenalice.com/game.php?id=1088024"]
[Date "2012.7.28"]
[Round "-"]
[White "plot24"]
[Black "artemise"]
[Result "1-0"]
[WhiteElo "1708"]
[BlackElo "1747"]

1. d4 d5 2. c4 Nf6 3. Nf3 b6 4. e3 e6 5. Nc3 Bb4 6. Qa4+ Qd7 7. Qxb4 Bb7 8. cxd5
Nxd5 9. Nxd5 Bxd5 10. Be2 Qd6 11. Qxd6 cxd6 12. O-O O-O 13. Bd2 Nd7 14. Rfc1 Nf6
15. Bc3 1-0

[Event "Challenge"]
[Site "http://www.queenalice.com/game.php?id=1090170"]
[Date "2012.8.4"]
[Round "-"]
[White "adelio"]
[Black "artemise"]
[Result "1-0"]
[WhiteElo "1787"]
[BlackElo "1733"]

1. f4 Nf6 2. c4 e6 3. d4 d5 4. Nc3 c5 5. e3 Nc6 6. Nf3 b6 7. h4 Bb7 8. Bd3 Be7
9. a3 O-O 10. Ra2 cxd4 11. exd4 dxc4 12. Bxc4 1-0

[Event "Let's Play H-30"]
[Site "http://www.queenalice.com/game.php?id=1635081"]
[Date "2020.12.4"]
[Round "-"]
[White "artemise"]
[Black "Rider"]
[Result "0-1"]
[WhiteElo "1624"]
[BlackElo "1481"]

1. e4 e5 2. Bc4 d6 3. Qh5 Qf6 4. d3 Be6 5. Bg5 Qg6 6. Qxg6 hxg6 7. Bxe6 fxe6 8.
Nc3 Na6 9. a3 Nf6 10. Nf3 Be7 11. O-O O-O-O 12. Rfe1 Rde8 13. Be3 b6 14. h3 Rh5
15. Ng5 Nd7 16. f4 exf4 17. Bxf4 Bxg5 18. g4 Rxh3 19. Bxg5 Rg3+ 20. Kf2 Rxg4 21.
Be3 Rf8+ 22. Ke2 Rg2+ 23. Kd1 g5 24. b4 Ne5 25. Kc1 Ng4 26. Bxg5 Rff2 27. Ra2
Ne5 28. Bh4 Rf4 29. Kb2 Nf3 0-1